[Event "Schalksmühle- Beuel"]
[Site "?"]
[Date "2023.03.12"]
[Round "6.1"]
[White "Haag, Martin"]
[Black "Koelz, Niklas"]
[Result "1-0"]
[WhiteElo "2230"]
[BlackElo "1834"]
[PlyCount "117"]
[SourceVersionDate "2023.06.22"]

1. c4 e5 2. Nc3 Nc6 3. g3 f5 4. Nf3 Nf6 5. d4 d6 6. dxe5 dxe5 7. Qxd8+ Kxd8 8.
Bg5 Bb4 9. O-O-O+ Bd7 10. Bxf6+ gxf6 11. Nd5 Rf8 12. Bh3 Kc8 13. Nh4 Bc5 14.
Bxf5 Bxf5 15. Nxf5 a6 16. Kb1 b6 17. e3 Kb7 18. Nc3 Ne7 19. Nxe7 Bxe7 20. Rd7
Bd6 21. Rxh7 f5 22. Kc2 Kc6 23. a3 b5 24. cxb5+ axb5 25. Rd1 Rab8 26. b4 Rf6
27. Kb3 Rff8 28. Rc1 Rh8 29. Rxh8 Rxh8 30. h4 Kb6 31. Rd1 Rh6 32. a4 bxa4+ 33.
Nxa4+ Kb5 34. Nc3+ Kb6 35. Kc4 Rg6 36. Rh1 Rg4+ 37. e4 fxe4 38. Nd5+ Kc6 39.
b5+ Kb7 40. Nf6 Rg6 41. Nxe4 Bf8 42. h5 Rg7 43. Kd5 Re7 44. g4 Kb6 45. g5 Kxb5
46. Rb1+ Ka6 47. Rb8 Bg7 48. h6 Bxh6 49. gxh6 Rh7 50. Rf8 c6+ 51. Kxc6 Rxh6+
52. Kd5 Kb7 53. Kxe5 Kc7 54. f4 Ra6 55. f5 Ra5+ 56. Ke6 Ra6+ 57. Ke7 Ra5 58.
Ng5 Re5+ 59. Ne6+ 1-0

[Event "Schalksmühle- Beuel"]
[Site "?"]
[Date "2023.03.12"]
[Round "6.2"]
[White "Luettich, Bodo"]
[Black "Hoppe, Thilo"]
[Result "1/2-1/2"]
[WhiteElo "2074"]
[BlackElo "2119"]
[PlyCount "82"]
[SourceVersionDate "2023.06.22"]

1. d4 Nf6 2. c4 e6 3. Nc3 d5 4. Bg5 Be7 5. e3 O-O 6. c5 c6 7. Bd3 Nbd7 8. Bf4
Re8 9. h3 b6 10. b4 bxc5 11. bxc5 Qa5 12. Qd2 Ba6 13. Nxd5 Qxd2+ 14. Kxd2 Bxd3
15. Nxe7+ Rxe7 16. Kxd3 e5 17. Bg5 Rd8 18. Bxf6 Nxf6 19. Rc1 exd4 20. exd4 Nd5
21. g3 Rb8 22. Nf3 Nb4+ 23. Kc4 Re2 24. a3 Nc2 25. Ne5 Nxd4 26. Rhe1 Rxe1 27.
Rxe1 f6 28. Kxd4 fxe5+ 29. Rxe5 Kf7 30. Re3 Rb1 31. f4 h6 32. h4 h5 33. Ke5 Rd1
34. Kf5 Rd5+ 35. Re5 Rd3 36. g4 hxg4 37. Kxg4 Rxa3 38. h5 Rc3 39. Rf5+ Ke6 40.
Rg5 Kf7 41. Rf5+ Ke6 1/2-1/2

[Event "Schalksmühle- Beuel"]
[Site "?"]
[Date "2023.03.12"]
[Round "6.3"]
[White "Decker, Nils"]
[Black "Schmidt, Volker"]
[Result "1-0"]
[WhiteElo "2109"]
[BlackElo "1957"]
[PlyCount "61"]
[SourceVersionDate "2023.06.22"]

1. e4 e6 2. d4 d5 3. Nc3 Nf6 4. e5 Nfd7 5. Nce2 c5 6. c3 Nc6 7. f4 Be7 8. Nf3
f6 9. a3 cxd4 10. Nexd4 Nc5 11. b4 Nxd4 12. Nxd4 Ne4 13. Bb5+ Kf7 14. Qh5+ g6
15. Qh3 Bd7 16. f5 gxf5 17. g4 fxe5 18. Qh5+ Kf6 19. Qh6+ Kf7 20. Qh5+ Kf6 21.
gxf5 exd4 22. fxe6 Kxe6 23. Qg4+ Kf7 24. Rf1+ Bf6 25. Bxd7 Qe7 26. Qh5+ Kg7 27.
Rg1+ Ng5+ 28. Kd1 Rad8 29. Bxg5 Qxd7 30. Bf4+ Kf8 31. Bh6+ 1-0

[Event "Schalksmühle- Beuel"]
[Site "?"]
[Date "2023.03.12"]
[Round "6.4"]
[White "Wollenweber, Frank"]
[Black "Rosskothen, Arnd"]
[Result "0-1"]
[WhiteElo "1763"]
[BlackElo "2124"]
[PlyCount "68"]
[SourceVersionDate "2023.06.22"]

1. d4 d5 2. e3 Nf6 3. f4 g6 4. Bd3 Bg7 5. Nf3 O-O 6. O-O c5 7. c3 b6 8. Nbd2
Ba6 9. Qe2 Qc8 10. Ne5 Bxd3 11. Qxd3 Nbd7 12. b3 Qb7 13. Bb2 b5 14. Rab1 Rad8
15. Qe2 a5 16. a3 e6 17. Rfe1 Rc8 18. Nxd7 Qxd7 19. Rbc1 Ne4 20. Red1 c4 21.
Nxe4 dxe4 22. b4 axb4 23. axb4 Ra8 24. Ra1 Qd5 25. Ra5 Rxa5 26. bxa5 Ra8 27.
Ra1 Ra6 28. Qe1 Bf8 29. Qh4 b4 30. cxb4 Bxb4 31. Rc1 Rxa5 32. Bc3 Bxc3 33. Rxc3
Ra1+ 34. Kf2 Qa5 0-1

[Event "Schalksmühle- Beuel"]
[Site "?"]
[Date "2023.03.12"]
[Round "6.5"]
[White "Gaul, Alexander"]
[Black "Rieger, Mario"]
[Result "1-0"]
[WhiteElo "1951"]
[BlackElo "1774"]
[PlyCount "37"]
[SourceVersionDate "2023.06.22"]

1. d4 d5 2. c4 e6 3. Nf3 Nf6 4. g3 c6 5. Bg2 Nbd7 6. Qc2 Bb4+ 7. Bd2 Qa5 8. O-O
Ne4 9. Bf4 Be7 10. Ne5 Nxe5 11. Bxe5 Nf6 12. Nd2 Qd8 13. Rad1 Bd6 14. e4 Bxe5
15. dxe5 Nd7 16. exd5 cxd5 17. cxd5 Nxe5 18. Rfe1 Ng4 19. Qa4+ 1-0

[Event "Schalksmühle- Beuel"]
[Site "?"]
[Date "2023.03.12"]
[Round "6.6"]
[White "Ertelt, Pornchai"]
[Black "Koch, Matthias"]
[Result "1/2-1/2"]
[WhiteElo "1832"]
[BlackElo "1920"]
[PlyCount "38"]
[SourceVersionDate "2023.06.22"]

1. e4 e5 2. Nf3 Nc6 3. Bc4 Nf6 4. d3 Bc5 5. c3 d6 6. h3 h6 7. Nbd2 O-O 8. Bb3
Be6 9. Bc2 d5 10. Qe2 dxe4 11. Nxe4 Nxe4 12. dxe4 a5 13. a4 Qe7 14. O-O Rfd8
15. Be3 Bxe3 16. Qxe3 Rd7 17. Rfd1 Rad8 18. Rxd7 Rxd7 19. Rd1 Rxd1+ 1/2-1/2

[Event "Schalksmühle- Beuel"]
[Site "?"]
[Date "2023.03.12"]
[Round "6.7"]
[White "Goergen, Christian"]
[Black "Brik, Maxim"]
[Result "1-0"]
[WhiteElo "1818"]
[BlackElo "1738"]
[PlyCount "103"]
[SourceVersionDate "2023.06.22"]

1. c4 e6 2. g3 d5 3. Bg2 Nf6 4. Nf3 Be7 5. O-O O-O 6. b3 b6 7. Bb2 Ne4 8. d3
Bf6 9. Ne5 Nd6 10. cxd5 Bb7 11. dxe6 Bxg2 12. Kxg2 fxe6 13. Qc2 c5 14. Nd2 Na6
15. a3 Nc7 16. b4 cxb4 17. axb4 Nd5 18. Qb3 Qe7 19. e4 Bxe5 20. Bxe5 Nf7 21.
Bb2 Nxb4 22. Ba3 a5 23. Nc4 Qc5 24. Rab1 Rad8 25. Bxb4 axb4 26. Qxb4 Rxd3 27.
Qxc5 bxc5 28. Rbc1 Rd4 29. f3 Ra8 30. Rf2 Ra4 31. Rfc2 Kf8 32. Kf2 Ke7 33. Ke3
Kd8 34. Rc3 Ra2 35. R3c2 Rxc2 36. Rxc2 e5 37. Nd2 Kd7 38. Nb3 Rb4 39. Nxc5+ Kd6
40. Nd3 Rb3 41. Rd2 Ke6 42. Kf2 Ra3 43. Nc5+ Kf6 44. h4 Rc3 45. Nd7+ Ke6 46.
Nf8+ Ke7 47. Nxh7 Ra3 48. Ng5 Nxg5 49. hxg5 g6 50. Rb2 Ra6 51. Kg2 Ke6 52. Rb7
1-0

[Event "Aachen 2- Holsterhausen"]
[Site "?"]
[Date "2023.03.12"]
[Round "6.1"]
[White "Schwalen, Peter"]
[Black "Coenen, Norbert"]
[Result "1-0"]
[WhiteElo "2092"]
[BlackElo "2260"]
[Annotator "daniel"]
[PlyCount "113"]
[SourceVersionDate "2023.06.22"]

1. e4 e5 2. Nf3 Nc6 3. Bb5 a6 4. Bxc6 dxc6 5. Nc3 f6 6. d4 exd4 7. Nxd4 c5 8.
Nde2 Qxd1+ 9. Nxd1 Be6 10. Ndc3 Ne7 11. Be3 Nc6 12. O-O-O Bd6 13. Na4 c4 14.
Bc5 O-O-O 15. Bxd6 Rxd6 16. Nb6+ Kb8 17. Rxd6 cxd6 18. Nf4 Bf7 19. Rd1 Ka7 20.
Nfd5 Na5 21. f3 Rd8 22. Rd4 Bxd5 23. Nxd5 b5 24. Rd1 Kb7 25. h4 Nc6 26. h5 h6
27. a3 Rd7 28. Kd2 Ne7 $11 29. Ke3 Nxd5+ 30. Rxd5 Kc6 31. Kf4 Rb7 32. Kf5 Re7
33. Kg6 Kd7 34. Kh7 Ke6 35. Kg8 Rb7 36. c3 Rc7 37. f4 Re7 38. a4 bxa4 39. f5+
Kd7 40. Rd4 d5 41. Rxd5+ Kc6 42. Rd4 Kc5 43. g4 Rb7 44. Rd5+ Kc6 45. Ra5 Rxb2
46. Kxg7 Re2 47. Kxf6 Rxe4 48. g5 hxg5 49. h6 Rh4 50. Kxg5 Rh3 51. Kg4 Rh1 52.
Rxa4 Kd5 53. Kg5 Rh3 54. Rxa6 Rg3+ 55. Kh4 Rg1 56. Re6 Rg2 57. Re3 1-0

[Event "Aachen 2- Holsterhausen"]
[Site "?"]
[Date "2023.03.12"]
[Round "6.2"]
[White "Lamby, Philipp"]
[Black "Walbaum, Klaus"]
[Result "1-0"]
[WhiteElo "2158"]
[BlackElo "2107"]
[PlyCount "89"]
[SourceVersionDate "2023.06.22"]

1. d4 d5 2. c4 e6 3. cxd5 exd5 4. Nc3 Nf6 5. Bg5 Be7 6. e3 O-O 7. Qc2 c6 8. Bd3
h6 9. Bh4 Re8 10. Nge2 Nh5 11. Bxe7 Qxe7 12. O-O Nd7 13. Rab1 Nhf6 14. Ng3 Nb6
15. b4 a6 16. a4 h5 17. a5 Nbd7 18. Nf5 Qf8 19. Na4 g6 20. Nh4 Rb8 21. Nf3 Ne4
22. Nc5 Qe7 23. Bxe4 dxe4 24. Nxd7 Bxd7 25. Ne5 Bf5 26. Qc5 Qg5 27. Nc4 Qf6 28.
Nd6 Red8 29. Nxf5 gxf5 30. f3 Qg5 31. Rbe1 Rd5 32. Qa7 Qd8 33. fxe4 Rb5 34. d5
c5 35. Rxf5 Ra8 36. Rg5+ Kh7 37. Qxa8 Qxa8 38. Rf1 cxb4 39. Rxf7+ Kh6 40. Rgf5
Qd8 41. R5f6+ Kg5 42. h4+ Kxh4 43. Rg6 Qb8 44. Rf3 Qc8 45. Kh2 1-0

[Event "Aachen 2- Holsterhausen"]
[Site "?"]
[Date "2023.03.12"]
[Round "6.3"]
[White "Kortenbusch, Christoph"]
[Black "Huesmann, Thomas"]
[Result "1/2-1/2"]
[WhiteElo "2074"]
[BlackElo "2143"]
[PlyCount "110"]
[SourceVersionDate "2023.06.22"]

1. c4 f5 2. Nc3 Nf6 3. g3 g6 4. Bg2 Bg7 5. d4 O-O 6. Nh3 d6 7. d5 Na6 8. Nf4 e5
9. dxe6 c6 10. h4 Nc5 11. h5 g5 12. h6 Bh8 13. Nh3 g4 14. Nf4 Nxe6 15. Be3 Qe7
16. Qd2 Rd8 17. O-O-O Ng5 18. Ng6 hxg6 19. Bxg5 Kh7 20. e4 Qf7 21. e5 Be6 22.
exf6 Bxc4 23. Qd4 Bxa2 24. f3 gxf3 25. Bxf3 Bb3 26. Rde1 Rd7 27. Re3 Rf8 28.
Rhe1 Bxf6 29. Qxf6 Qxf6 30. Bxf6 Rxf6 31. Re7+ Rf7 32. Rxd7 Rxd7 33. Rh1 Re7
34. Kd2 g5 35. g4 Re6 36. gxf5 Rxh6 37. Ne4 Rxh1 38. Bxh1 d5 39. Nxg5+ Kg7 40.
Ne6+ Kf6 41. Nc5 Ba2 42. Nxb7 Kxf5 43. Na5 c5 44. Bg2 Ke6 45. Kc3 Ke5 46. Nc6+
Kf4 47. Kd2 Bc4 48. Bh3 Bb5 49. Nxa7 Be8 50. Nc8 Ke5 51. Bg4 Kd4 52. Nd6 Bg6
53. Be2 c4 54. Nb5+ Kc5 55. Na3 Bf7 1/2-1/2

[Event "Aachen 2- Holsterhausen"]
[Site "?"]
[Date "2023.03.12"]
[Round "6.4"]
[White "Meyer, Mario"]
[Black "Sicars, Thorsten"]
[Result "1-0"]
[WhiteElo "2155"]
[BlackElo "2020"]
[PlyCount "81"]
[SourceVersionDate "2023.06.22"]

1. f4 g6 2. Nf3 Bg7 3. g3 d6 4. e4 e5 5. d4 exd4 6. Nxd4 Nf6 7. Bg2 O-O 8. O-O
Re8 9. Nc3 c6 10. Kh1 Bg4 11. Qd3 Bd7 12. Nb3 Qc7 13. Be3 a5 14. Rad1 a4 15.
Nc1 a3 16. b3 Bf8 17. Bd4 Qd8 18. Na4 Ra6 19. c4 c5 20. Bxf6 Qxf6 21. Nc3 Qd8
22. N1e2 Nc6 23. Nd5 Bg7 24. Qd2 Bg4 25. h3 Bxe2 26. Qxe2 Nd4 27. Qf2 f5 28.
Rfe1 Qd7 29. exf5 Nxf5 30. Rxe8+ Qxe8 31. Re1 Qf8 32. Nc7 Bd4 33. Qf3 Ra8 34.
Nxa8 Qxa8 35. g4 Ng7 36. Re7 Qf8 37. Qd5+ Kh8 38. Qxb7 h6 39. Rf7 Qe8 40. Qe7
Qxe7 41. Rxe7 1-0

[Event "Aachen 2- Holsterhausen"]
[Site "?"]
[Date "2023.03.12"]
[Round "6.5"]
[White "Bobzin, Pierre"]
[Black "Weinkauf, Viktor"]
[Result "1/2-1/2"]
[WhiteElo "2105"]
[BlackElo "1976"]
[PlyCount "92"]
[SourceVersionDate "2023.06.22"]

1. Nf3 d5 2. g3 Nc6 3. Bg2 e5 4. d3 f6 5. e4 dxe4 6. dxe4 Qxd1+ 7. Kxd1 Bc5 8.
Ke2 Bg4 9. Be3 Nd4+ 10. Bxd4 Bxd4 11. c3 Bb6 12. h3 Be6 13. Rd1 Nh6 14. Na3 Nf7
15. Nd2 Nd6 16. b3 a5 17. Ndc4 Nxc4 18. Nxc4 Bc5 19. Ne3 c6 20. Nf5 O-O 21. g4
Rfd8 22. Kf3 g6 23. Ne3 a4 24. b4 Bxe3 25. Rxd8+ Rxd8 26. Kxe3 a3 27. Bf1 b5
28. Bd3 Bc4 29. Bc2 Kf7 30. f3 g5 31. Rc1 h5 32. Bb1 hxg4 33. fxg4 Rh8 34. Rh1
Be6 35. Kf3 Rh4 36. Kg2 Ke7 37. Rd1 Rh8 38. Rd2 Rd8 39. Rxd8 Kxd8 40. Kf3 Bc4
41. Kg3 c5 42. Kf2 Ke7 43. Kg2 Kd6 44. Kf2 Ke6 45. Kg3 Be2 46. Kf2 Bc4 1/2-1/2

[Event "Aachen 2- Holsterhausen"]
[Site "?"]
[Date "2023.03.12"]
[Round "6.6"]
[White "Winkels, Marcel"]
[Black "Lindenmaier, Reinhard"]
[Result "1-0"]
[WhiteElo "1962"]
[BlackElo "2060"]
[Annotator "daniel"]
[PlyCount "75"]
[SourceVersionDate "2023.06.22"]

1. e4 Nf6 2. e5 Nd5 3. d4 d6 4. Nf3 dxe5 5. Nxe5 c6 6. Be2 Nd7 7. Nf3 N7f6 8.
c4 Nb6 9. O-O Bg4 10. b3 e6 11. Bb2 Be7 12. Ne5 Bxe2 13. Qxe2 O-O 14. Nd2 Nbd7
15. Ndf3 Nxe5 16. Nxe5 a5 17. Rfd1 a4 18. Qc2 Qa5 19. Rd3 axb3 20. Rxb3 Qc7 21.
Rh3 h6 22. g4 Nd7 23. Nf3 Qf4 24. Rg3 Nf6 25. Ne5 Qe4 26. Qd2 Qh7 27. Qe1 Qc2
28. Rb3 Ra7 29. Rc1 Qe4 30. Qd1 Rd8 31. Qe1 Qxe1+ 32. Rxe1 Bd6 33. h3 Nd7 34.
Nd3 Rb8 35. a3 Ra4 36. c5 Bc7 37. Rb1 b6 38. Bc3 {ZÜ} 1-0

[Event "Aachen 2- Holsterhausen"]
[Site "?"]
[Date "2023.03.12"]
[Round "6.7"]
[White "Payes, Marco"]
[Black "Breitkopf- Lazar, Patrick"]
[Result "1/2-1/2"]
[WhiteElo "1614"]
[BlackElo "1720"]
[PlyCount "110"]
[SourceVersionDate "2023.06.22"]

1. d4 Nf6 2. Bg5 d5 3. Bxf6 exf6 4. c4 Bb4+ 5. Nc3 O-O 6. e3 c5 7. Nf3 Nc6 8.
a3 Bxc3+ 9. bxc3 dxc4 10. Bxc4 Na5 11. Bd3 Be6 12. O-O c4 13. Bc2 Nb3 14. Ra2
Qa5 15. Qe1 b5 16. e4 Bg4 17. Nd2 Rfc8 18. Bxb3 cxb3 19. Nxb3 Qxc3 20. Qxc3
Rxc3 21. Rb2 Be2 22. Rc1 Rxc1+ 23. Nxc1 Bc4 24. f3 Rd8 25. d5 Kf8 26. Kf2 Rd6
27. Ke3 Ra6 28. Ne2 Rxa3+ 29. Kd4 Rd3+ 30. Kc5 a5 31. Nf4 Rd1 32. d6 Ke8 33.
Nd5 a4 34. Kc6 Kd8 35. Nc3 Rc1 36. Nxa4 Be6+ 37. Nc5 Bd7+ 38. Kb6 Ra1 39. Nb7+
Ke8 40. f4 Ra8 41. Nc5 Rc8 42. Nxd7 Kxd7 43. e5 fxe5 44. fxe5 f6 45. exf6 gxf6
46. Kb7 Rg8 47. Kb6 Kxd6 48. Rd2+ Ke6 49. Kxb5 Rc8 50. Kb4 Kf5 51. Rf2+ Ke5 52.
Re2+ Kf5 53. Rf2+ Ke5 54. Re2+ Kd4 55. Rd2+ Ke5 1/2-1/2

[Event "Aachen 2- Holsterhausen"]
[Site "?"]
[Date "2023.03.12"]
[Round "6.8"]
[White "de Vries, Leonard"]
[Black "Gebauer, Ulrich"]
[Result "1-0"]
[WhiteElo "1868"]
[BlackElo "1599"]
[PlyCount "83"]
[SourceVersionDate "2023.06.22"]

1. Nf3 d5 2. g3 c6 3. Bg2 Bg4 4. c4 e6 5. Qb3 Qb6 6. Qc2 Nf6 7. cxd5 exd5 8.
O-O Be7 9. Nc3 O-O 10. d3 Re8 11. e4 dxe4 12. dxe4 Bd6 13. Be3 Qc7 14. Rac1 Na6
15. a3 Qe7 16. Nd4 Be5 17. f3 Bd7 18. f4 Ng4 19. Bf2 Nxf2 20. Qxf2 Bd6 21. b4
Bc7 22. Kh1 Rad8 23. Rfd1 Bb6 24. Na4 Bc7 25. Qe2 Bb8 26. e5 h6 27. Nxc6 Bxc6
28. Bxc6 Rxd1+ 29. Rxd1 Rc8 30. Be4 Re8 31. Qb5 Nc7 32. Qxb7 f6 33. Nc5 fxe5
34. Rd7 Qf6 35. Rxc7 Bxc7 36. Qxc7 exf4 37. Qxf4 Qa1+ 38. Kg2 Qe1 39. Qf5 Qd2+
40. Kh3 Qd6 41. Ne6 Re7 42. Qf8# 1-0

[Event "Bochum 2- Welper"]
[Site "?"]
[Date "2023.03.12"]
[Round "6.2"]
[White "Schaefers, Andreas"]
[Black "Fuellgrabe, Thomas"]
[Result "1/2-1/2"]
[WhiteElo "2050"]
[BlackElo "2203"]
[PlyCount "70"]
[SourceVersionDate "2023.06.22"]

1. d4 Nf6 2. c4 e6 3. Nc3 d5 4. cxd5 exd5 5. Bg5 c6 6. Qc2 h6 7. Bh4 Be7 8. e3
O-O 9. Bd3 Re8 10. Nge2 Nbd7 11. O-O a5 12. f3 b5 13. Rae1 Ba6 14. Bf2 Nb6 15.
Kh1 b4 16. Bxa6 Rxa6 17. Na4 Nxa4 18. Qxa4 Bd6 19. Nc1 Qd7 20. Nd3 c5 21. Nxc5
Bxc5 22. Qxd7 Nxd7 23. dxc5 Nxc5 24. Rd1 Na4 25. Rd2 Rc8 26. h4 Rac6 27. Rxd5
Nxb2 28. Rxa5 Rc2 29. Bg3 Nc4 30. Ra4 Nxe3 31. Rf2 Nf5 32. Kh2 Rxf2 33. Bxf2
Rc2 34. Kg1 Rc1+ 35. Kh2 Rc2 1/2-1/2

[Event "Bochum 2- Welper"]
[Site "?"]
[Date "2023.03.12"]
[Round "6.3"]
[White "Kemna, Guido"]
[Black "Goralski, Christian"]
[Result "1/2-1/2"]
[WhiteElo "2148"]
[BlackElo "2134"]
[Annotator "daniel"]
[PlyCount "92"]
[SourceVersionDate "2023.06.22"]

1. e4 d5 2. exd5 Nf6 3. Nc3 Nxd5 4. Bc4 Nb6 5. Bb3 c5 6. Qh5 c4 7. Bxc4 Nxc4 8.
Qb5+ Nc6 9. Qxc4 e5 10. Nf3 Be7 11. Qd5 Qc7 12. O-O Be6 13. Qd3 Rd8 14. Qe3 Nd4
15. Rb1 O-O 16. Nxe5 Bf5 17. Nf3 Nxc2 18. Qe5 Qxe5 19. Nxe5 Nd4 20. Ra1 f6 21.
Nf3 Nc2 22. Rb1 Bd3 23. Rd1 b5 24. b4 Bxb4 25. Bb2 Rfe8 26. Rbc1 Bxc3 27. dxc3
Be2 28. Rxd8 Rxd8 29. Nd4 Nxd4 30. cxd4 Bc4 31. a4 a6 32. axb5 axb5 33. Bc3 $11
Re8 34. Re1 Rxe1+ 35. Bxe1 Kf7 36. f3 Ke6 37. Kf2 Kd5 38. Ke3 Bf1 39. Kf2 Bd3
40. Ke3 Kc4 41. d5 Bf5 42. d6 b4 43. Kd2 Kb3 44. Kc1 Ka3 45. Bd2 Bd7 46. Be1
Kb3 1/2-1/2

[Event "Bochum 2- Welper"]
[Site "?"]
[Date "2023.03.12"]
[Round "6.4"]
[White "Hinkmann, Jens"]
[Black "Bastians, Felix"]
[Result "0-1"]
[WhiteElo "2073"]
[BlackElo "2187"]
[PlyCount "122"]
[SourceVersionDate "2023.06.22"]

1. e4 Nf6 2. Nc3 e5 3. f4 d5 4. fxe5 Nxe4 5. d3 Nxc3 6. bxc3 Qh4+ 7. g3 Qa4 8.
Bg2 Be7 9. Ne2 Nc6 10. Bxd5 Nxe5 11. O-O O-O 12. d4 Ng6 13. Qd3 Qa5 14. Qc4 Bf6
15. Bd2 c6 16. Be4 Be6 17. Qd3 Qa4 18. h4 Bg4 19. Nf4 Qa5 20. Kh2 Rfe8 21. Rae1
Qxa2 22. Ra1 Nxf4 23. Bxh7+ Kh8 24. Rxa2 Nxd3 25. Bxd3 Be2 26. Rf2 Bxd3 27.
cxd3 Kg8 28. Kg2 a5 29. Bf4 b5 30. Bd6 Re6 31. Bc5 a4 32. Rfb2 Rd8 33. c4 Bxd4
34. Bxd4 Rxd4 35. cxb5 cxb5 36. Rxb5 Re3 37. Rb8+ Kh7 38. Ra8 Rdxd3 39. R8xa4
Rxg3+ 40. Kf2 Rdf3+ 41. Ke2 Rf5 42. Ra1 Rgf3 43. Rg1 Rf2+ 44. Ke1 R2f4 45. Rg4
Re5+ 46. Kd2 Rxa4 47. Rxa4 Kh6 48. Rg4 g6 49. Kd3 Kh5 50. Rf4 f5 51. Kd4 Re1
52. Kd5 Rh1 53. Ke6 Rxh4 54. Rf1 Kg5 55. Ra1 Re4+ 56. Kf7 f4 57. Ra5+ Kg4 58.
Kf6 f3 59. Rg5+ Kf4 60. Kxg6 Re6+ 61. Kh5 Re5 0-1

[Event "Bochum 2- Welper"]
[Site "?"]
[Date "2023.03.12"]
[Round "6.5"]
[White "Schaller, Fabian"]
[Black "Peters, Michael"]
[Result "1/2-1/2"]
[WhiteElo "2058"]
[BlackElo "1996"]
[Annotator "daniel"]
[PlyCount "38"]
[SourceVersionDate "2023.06.22"]

1. e4 d6 2. d4 c6 3. Nc3 e5 4. f4 Qc7 5. Nf3 Bg4 6. Be2 Nd7 7. Be3 Ngf6 8. Qd2
Be7 9. h3 Bxf3 10. Bxf3 h5 11. g3 O-O-O 12. O-O-O Kb8 $11 13. g4 hxg4 14. hxg4
Rxh1 15. Rxh1 Nb6 16. Qe2 exd4 17. Bxd4 c5 18. Bf2 g5 19. e5 dxe5 1/2-1/2

[Event "Bochum 2- Welper"]
[Site "?"]
[Date "2023.03.12"]
[Round "6.6"]
[White "Bautz, Volker"]
[Black "Sondermann, Dirk"]
[Result "0-1"]
[WhiteElo "1667"]
[BlackElo "1837"]
[PlyCount "42"]
[SourceVersionDate "2023.06.22"]

1. f4 f5 2. b3 Nf6 3. Bb2 e6 4. Nf3 Be7 5. e3 O-O 6. Nc3 b6 7. d3 Bb7 8. Qd2 a5
9. a3 Na6 10. O-O-O Nc5 11. Rg1 d6 12. h3 Qd7 13. Qf2 b5 14. g4 b4 15. axb4
axb4 16. Ne2 Nxb3+ 17. Kb1 Qa4 18. cxb3 Qxb3 19. Bg2 Ne4 20. Qe1 Ra2 21. Rd2
Rfa8 0-1

[Event "Düsseldorf 2- KKS 2"]
[Site "?"]
[Date "2023.03.12"]
[Round "6.1"]
[White "Langner, Jasper"]
[Black "Harff, Marcel"]
[Result "0-1"]
[WhiteElo "1991"]
[BlackElo "2320"]
[Annotator "daniel"]
[PlyCount "110"]
[SourceVersionDate "2023.06.22"]

1. d4 Nf6 2. c4 e6 3. g3 d5 4. Bg2 a6 5. Nf3 dxc4 6. O-O Nc6 7. e3 Rb8 8. Qe2
b5 9. b3 cxb3 10. axb3 Bb7 11. Bb2 Nb4 12. Nbd2 Ne4 13. Rfc1 Be7 14. d5 Nxd2
15. Qxd2 Qxd5 16. Bxg7 Qxd2 17. Nxd2 Rg8 18. Be5 Bxg2 19. Kxg2 $11 Rd8 20. Rd1
Rg5 21. Nf3 Rxd1 22. Rxd1 Rg4 23. h3 Re4 24. Bxc7 Nd5 25. Ba5 Bb4 26. Bxb4 Rxb4
27. Rd3 a5 28. Nd4 a4 29. bxa4 bxa4 30. Ra3 Kd7 31. Kf3 e5 32. Nc2 Rc4 33. Ra2
Kc6 34. Rb2 Kc5 35. Ke2 Nc3+ 36. Kd3 Nd1 37. Rb8 Nxf2+ 38. Kd2 f5 39. Rc8+ Kd5
40. Rd8+ Ke4 41. Rd7 Kf3 42. Rxh7 Ne4+ 43. Kd1 Nxg3 44. Re7 Re4 45. Rf7 Rh4 46.
Ne1+ Kf2 47. Nd3+ Kxe3 48. Nxe5 Rxh3 49. Ra7 Ne4 50. Nc4+ Kd4 51. Nb6 a3 52.
Ra4+ Kc5 53. Nd7+ Kd6 54. Ra7 a2 55. Kc2 Rh1 0-1

[Event "Düsseldorf 2- KKS 2"]
[Site "?"]
[Date "2023.03.12"]
[Round "6.2"]
[White "Mueller, Michael"]
[Black "Schwibbert, Jonas"]
[Result "1-0"]
[WhiteElo "2207"]
[BlackElo "2025"]
[PlyCount "97"]
[SourceVersionDate "2023.06.22"]

1. e4 c5 2. Nf3 Nc6 3. Nc3 Nf6 4. Bb5 g6 5. Bxc6 dxc6 6. h3 Bg7 7. d3 O-O 8.
Be3 b6 9. Qd2 Re8 10. a3 a5 11. O-O e5 12. Na4 Nd7 13. b4 cxb4 14. axb4 b5 15.
Nc5 Nxc5 16. Bxc5 a4 17. c4 Be6 18. Qc2 Qf6 19. Be3 Qe7 20. Bc5 Qb7 21. Bd6 Bd7
22. c5 f6 23. Qc3 Be6 24. Nd2 Bf8 25. Bxf8 Rxf8 26. f4 Qc7 27. fxe5 Qxe5 28.
Qxe5 fxe5 29. Nf3 a3 30. Nxe5 Ra6 31. Rxf8+ Kxf8 32. Kf2 a2 33. Ke3 Ke7 34. d4
Ra3+ 35. Kd2 Bc4 36. Nxc6+ Kf6 37. Ne5 Be6 38. Ng4+ Bxg4 39. hxg4 Rg3 40. c6
Ke7 41. d5 Kd6 42. Rc1 Ra3 43. c7 Ra8 44. Kd3 Kd7 45. e5 Rc8 46. d6 Ra8 47. Ra1
h6 48. Kd4 Kc6 49. Rxa2 1-0

[Event "Düsseldorf 2- KKS 2"]
[Site "?"]
[Date "2023.03.12"]
[Round "6.3"]
[White "Klemenz, Luca"]
[Black "Berndt, Axel"]
[Result "1/2-1/2"]
[WhiteElo "1909"]
[BlackElo "2131"]
[PlyCount "45"]
[SourceVersionDate "2023.06.22"]

1. e4 Nf6 2. e5 Nd5 3. d4 d6 4. Nf3 g6 5. Bc4 Nb6 6. Bb3 Bg7 7. Qe2 Nc6 8. O-O
O-O 9. h3 d5 10. Nc3 Na5 11. Nd1 Be6 12. Ne3 Qd7 13. c3 Nxb3 14. axb3 a6 15.
Ra5 Nc8 16. Bd2 Na7 17. Rfa1 Nc6 18. R5a4 Rac8 19. b4 f6 20. exf6 exf6 21. b5
axb5 22. Qxb5 Rb8 23. Kh2 1/2-1/2

[Event "Düsseldorf 2- KKS 2"]
[Site "?"]
[Date "2023.03.12"]
[Round "6.4"]
[White "Partenheimer, Axel"]
[Black "Meertens, Martin"]
[Result "1/2-1/2"]
[WhiteElo "2119"]
[BlackElo "2086"]
[PlyCount "35"]
[SourceVersionDate "2023.06.22"]

1. Nf3 d5 2. g3 c5 3. Bg2 Nf6 4. O-O Nc6 5. d4 e6 6. c4 cxd4 7. Nxd4 Bc5 8.
Nxc6 bxc6 9. Qc2 Nd7 10. Nc3 O-O 11. Na4 Bb6 12. b3 Bb7 13. Bb2 Rc8 14. Rad1
Qe7 15. e4 Rfd8 16. Rfe1 Nf6 17. Nxb6 axb6 18. Bxf6 1/2-1/2

[Event "Düsseldorf 2- KKS 2"]
[Site "?"]
[Date "2023.03.12"]
[Round "6.5"]
[White "Hendrix, Joachim"]
[Black "Zimmermann, Rolf"]
[Result "0-1"]
[WhiteElo "1956"]
[BlackElo "2064"]
[PlyCount "128"]
[SourceVersionDate "2023.06.22"]

1. g3 d5 2. Bg2 c6 3. d3 Nf6 4. Nd2 e5 5. Ngf3 Bd6 6. e4 O-O 7. h3 Re8 8. O-O
Nbd7 9. Re1 b6 10. Nh4 g6 11. Qf3 Bb7 12. Nf1 d4 13. Nh2 Bf8 14. Kh1 Bg7 15.
Rg1 Nc5 16. Bd2 Ne6 17. Raf1 c5 18. b3 b5 19. Qe2 Rc8 20. Qe1 c4 21. f4 exf4
22. gxf4 cxd3 23. cxd3 Nc5 24. Ba5 Qd7 25. Qg3 Nh5 26. Qf3 Bxe4 27. dxe4 Nxe4
28. Be1 Rc3 29. Qxe4 Rxe4 30. Bxe4 Re3 31. Bf3 Nxf4 32. Bd2 Qxh3 33. Bxe3 dxe3
34. Ng2 Be5 35. Bg4 Qh6 36. Nxf4 Bxf4 37. Rg2 g5 38. Be2 Qd6 39. Ng4 f5 40.
Rxf4 Qxf4 41. Nf6+ Kf7 42. Nd5 Qh4+ 43. Kg1 b4 44. Kf1 h6 45. Nxe3 Qf4+ 46. Rf2
Qxe3 47. Rxf5+ Ke7 48. Rf2 h5 49. Rf3 Qe5 50. Kf2 Qh2+ 51. Ke3 g4 52. Rf5 Qg3+
53. Kd4 Qc3+ 54. Ke4 Qc2+ 55. Bd3 Qg2+ 56. Kd4 h4 57. Bc4 g3 58. Rf7+ Ke8 59.
Ke5 h3 60. Rh7 Qf2 61. Rh8+ Qf8 62. Bb5+ Ke7 63. Rh7+ Qf7 64. Rxh3 Qe6+ 0-1

[Event "Düsseldorf 2- KKS 2"]
[Site "?"]
[Date "2023.03.12"]
[Round "6.6"]
[White "Kesseler, Heiko"]
[Black "Goldenstein, Arnd"]
[Result "0-1"]
[WhiteElo "1981"]
[BlackElo "1891"]
[PlyCount "78"]
[SourceVersionDate "2023.06.22"]

1. e4 e5 2. Nf3 Nc6 3. Bb5 a6 4. Ba4 Nf6 5. O-O Nxe4 6. d4 b5 7. Bb3 d5 8. dxe5
Be6 9. Nbd2 Nc5 10. c3 Be7 11. Bc2 Qd7 12. Nb3 Rd8 13. Nbd4 Bg4 14. Re1 Ne6 15.
Nxc6 Qxc6 16. h3 Bh5 17. Qe2 Qb6 18. Bf5 c5 19. a4 O-O 20. axb5 axb5 21. g4 Bg6
22. Bd2 d4 23. cxd4 Nxd4 24. Nxd4 Rxd4 25. Bc3 Rc4 26. Red1 Bxf5 27. gxf5 Qh6
28. Rd3 Qg5+ 29. Rg3 Qxf5 30. Ra7 Bh4 31. Rg2 Qe6 32. Qh5 g6 33. Qh6 Rd8 34. f4
Qxh3 35. Be1 Bf2+ 36. Bxf2 Qxh6 37. Rh2 Qxf4 38. e6 Rc1+ 39. Kg2 Qg4+ 0-1

[Event "Düsseldorf 2- KKS 2"]
[Site "?"]
[Date "2023.03.12"]
[Round "6.7"]
[White "Pragua, Christoph"]
[Black "Mukovskiy, Peter"]
[Result "1/2-1/2"]
[WhiteElo "2068"]
[BlackElo "1914"]
[PlyCount "54"]
[SourceVersionDate "2023.06.22"]

1. d4 Nf6 2. Nf3 d5 3. c4 e6 4. Nc3 Be7 5. Bg5 O-O 6. e3 Nbd7 7. Qc2 h6 8. Bh4
c5 9. cxd5 Nxd5 10. Bxe7 Qxe7 11. Nxd5 exd5 12. Be2 b6 13. O-O Bb7 14. Rac1
Rac8 15. Qa4 Rc7 16. Qa3 a6 17. Rc2 Rfc8 18. Rfc1 Qf6 19. b3 c4 20. bxc4 dxc4
21. Rxc4 Rxc4 22. Rxc4 Rxc4 23. Bxc4 Bxf3 24. gxf3 Qxf3 25. Qd6 Qd1+ 26. Kg2
Qg4+ 27. Kf1 Qd1+ 1/2-1/2